How to book a long stay (Record no. 72520)

MARC details
000 -LEADER
fixed length control field 01314cam a2200265 4500
001 - CONTROL NUMBER
control field ABS66586
008 - FIXED-LENGTH DATA ELEMENTS--GENERAL INFORMATION
fixed length control field 030422n2003 000 0 eng u
035 ## - SYSTEM CONTROL NUMBER
System control number (Sirsi) u122045
100 ## - MAIN ENTRY--PERSONAL NAME
Personal name Gammage, D.
245 ## - TITLE STATEMENT
Title How to book a long stay
260 ## - PUBLICATION, DISTRIBUTION, ETC.
Date of publication, distribution, etc. 2003
490 ## - SERIES STATEMENT
Series statement Estates Gazette
Volume/sequential designation (0310) 8 March 2003, 155(1)
520 ## - SUMMARY, ETC.
Summary, etc. Evaluates very positively the sale and leaseback approach to hotel financing given the severely limited options open to hotel companies seeking to raise finance in today's market. Sale and leaseback enables hoteliers to restructure their property portfolios and gain money for expansion. Describes the latest lease deals such as turnover-based leases where the investor works in partnership with the hotel operator rather than just offering a lease on a set rent, often employing professional asset managers to monitor performance-based rents and protect the residual value of the property asset.
590 ## - LOCAL NOTE (RLIN)
Local note ABS
650 ## - SUBJECT ADDED ENTRY--TOPICAL TERM
Topical term or geographic name entry element COMMERCIAL LEASES
650 ## - SUBJECT ADDED ENTRY--TOPICAL TERM
Topical term or geographic name entry element PROPERTY PORTFOLIOS
650 ## - SUBJECT ADDED ENTRY--TOPICAL TERM
Topical term or geographic name entry element ASSET MANAGEMENT
650 ## - SUBJECT ADDED ENTRY--TOPICAL TERM
Topical term or geographic name entry element TURNOVER RENT LEASES
650 ## - SUBJECT ADDED ENTRY--TOPICAL TERM
Topical term or geographic name entry element FINANCING
650 ## - SUBJECT ADDED ENTRY--TOPICAL TERM
Topical term or geographic name entry element HOTELS
650 ## - SUBJECT ADDED ENTRY--TOPICAL TERM
Topical term or geographic name entry element PERFORMANCE-BASED RENTS
650 ## - SUBJECT ADDED ENTRY--TOPICAL TERM
Topical term or geographic name entry element SALE AND LEASEBACK
690 ## - LOCAL SUBJECT ADDED ENTRY--TOPICAL TERM (OCLC, RLIN)
Topical term or geographic name as entry element PROPERTY-COMMERCIAL PROPERTY-COMMERCIAL PROPERTY FINANCE AND INVESTMENT
942 ## - ADDED ENTRY ELEMENTS (KOHA)
Suppress in OPAC 0
Holdings
Withdrawn status Lost status Source of classification or shelving scheme Damaged status Not for loan Home library Current library Shelving location Date acquired Total Checkouts Full call number Barcode Date last seen Copy number Price effective from Koha item type
    Dewey Decimal Classification     London London Journal article 22/04/2003   ABS66586 122045-1001 06/08/2019 1 06/08/2019 Journal article